| 000 | 01563nkm a2200385 c 4500 | ||
|---|---|---|---|
| 003 | BLK | ||
| 005 | 20180421001936.0 | ||
| 008 | 180412b bul rap|r|||| r0| ||bulo| | ||
| 010 | _aKNG00102960000 | ||
| 020 |
_a5-93332-25-0 _bиздат.: Гос. Рус. музей |
||
| 040 | _aBLK | ||
| 041 |
_aRUS _cRUS |
||
| 080 |
_aИзобразителни изкуства и художествени занаяти _b73/76 _x.037(470)(092)(084) _z73/76.037(470)(092)(084) |
||
| 139 |
_aРусский футуризм и Давид Бурлюк, "Отец русского футуризма" _bР 95 |
||
| 245 | 1 | 0 | _aРусский футуризм и Давид Бурлюк, "Отец русского футуризма" |
| 257 | _aRUS | ||
| 260 |
_аС.-Петербург _bГос. Рус. музей _c2000 _fИталия : Graficart-Formia |
||
| 300 |
_a240 с. _bс ил. _c33 см |
||
| 380 | _a7 | ||
| 500 | _aОфс. изд. | ||
| 650 | 4 |
_aИзобразително изкуство - стилове и направления _9278359 |
|
| 650 | 4 |
_aИзобразително изкуство - СССР _9313891 |
|
| 650 | 4 |
_aИзобразително изкуство, съветско _9313892 |
|
| 651 | 4 |
_aСССР _9179592 |
|
| 653 | _aизобразително изкуство | ||
| 653 | _aбиографии | ||
| 653 | _aфутуризъм | ||
| 653 | _aХХ в. | ||
| 653 | _aСССР | ||
| 852 | _aЦб Гр А ІІ 4165 | ||
| 856 | 4 |
_qpdf _u |
|
| 856 | 4 |
_qpdf _u |
|
| 942 |
_cGRA _n0 |
||
| 944 |
_aCR _c01.01.2000 _kИрена_Линкова |
||
| 944 |
_aED _c31.05.2012 _k |
||
| 999 |
_c209255 _d209255 |
||